000 01193nam2a2200301 4500
001 RU\NLR\bibl\1330169
005 20250630113127.0
010 _a978-5-94708-101-5
_9300
021 _aRU
_b2008-100851
_95934
035 _a(NLR Aleph) 001315407
090 _a705920
_c705920
100 _a20090217d2008 |||y0rusy50 ca
101 0 _arus
102 _aRU
105 _ay |||||||||
200 1 _aБелое движение на Северо-Западе России
_fМ-во культуры и массовых коммуникаций Рос. Федерации ...
210 _d2008
215 _a127 с.
300 _aНа обороте тит. л. авт.: Суетов Л.А., к.ист.н., доц.
320 _aБиблиогр. в примеч.: с. 105-118
320 _aИмен. указ.: с. 119-121
320 _aУказ. геогр. назв.: с. 122-126
461 0 _1001RU\NLR\bibl\154668
_12001#$aБелое дело$vЧ. 3
_9870521
_aСуетов, Л. А.
_cСПб.
_d2000
_fЛ.А. Суетов
_nСПбГУКИ
_tБелое дело
_vЧ. 3
801 0 _aRU
_bNLR
_c20090217
_gRCR
801 1 _aRU
_bNLR
_c20090217
942 _cBOOK
980 _aNB